DATA STRUCTURES AND ALGORITHMS (Record no. 21149)

MARC details
000 -LEADER
fixed length control field 00329nam a22001457a 4500
003 - CONTROL NUMBER IDENTIFIER
control field SGT
020 ## - INTERNATIONAL STANDARD BOOK NUMBER
International Standard Book Number 9788177588262
082 ## - DEWEY DECIMAL CLASSIFICATION NUMBER
Classification number 005.73,AHO
100 ## - MAIN ENTRY--PERSONAL NAME
Personal name AHO,ALFRED V.
245 ## - TITLE STATEMENT
Title DATA STRUCTURES AND ALGORITHMS
260 ## - PUBLICATION, DISTRIBUTION, ETC. (IMPRINT)
Place of publication, distribution, etc NEW DELHI
Name of publisher, distributor, etc PEARSON
Year of Publication 2006
300 ## - PAGE DESCRIPTION
No. of Pages 433
650 ## - SUBJECT ADDED ENTRY--TOPICAL TERM
Topical term or geographic name as entry element COMPUTER SCIENCE
942 ## - ADDED ENTRY ELEMENTS (KOHA)
Source of classification or shelving scheme Dewey Decimal Classification
Koha item type Books
942 ## - ADDED ENTRY ELEMENTS (KOHA)
-- 8
Holdings
Withdrawn status Lost status Source of classification or shelving scheme Damaged status Not for loan Collection code Home library Current library Shelving location Date acquired Vendor Name Cost, normal purchase price SGTU Bill Number Total Checkouts Total Renewals Full call number Accession No. (Barcode) Date last seen Date last borrowed Bill Date Koha item type
    Dewey Decimal Classification     ENGINEERING SGT Engineering Library SGT Engineering Library Text Book 29/04/2021 KIRTI PRAKASHAN 849.00 SGTU IN1949 4 4 005.73,AHO FE8160 06/09/2023 23/08/2023 27/03/2021 Books
    Dewey Decimal Classification     ENGINEERING SGT Engineering Library SGT Engineering Library Text Book 29/04/2021 KIRTI PRAKASHAN 849.00 SGTU IN1949     005.73,AHO FE8161 29/04/2021   27/03/2021 Books
    Dewey Decimal Classification     ENGINEERING SGT Engineering Library SGT Engineering Library Text Book 29/04/2021 KIRTI PRAKASHAN 849.00 SGTU IN1949 5   005.73,AHO FE8162 10/12/2025 26/11/2025 27/03/2021 Books